00327nam a2200109Ia 4500008004100000082000800041100001500049245003700064942000600101952009500107999001500202240331s9999 xx 000 0 und d bDAN aDangwal, P 0aI dare Kiran Bedi :ba biography cL 001040708LaWERCLbWERCLcSSCd2024-03-31l0o 920 DANp6023r2024-03-31w2024-03-31yL c4453d4453